Analysis and testing of riveted joints made by new riveting technology

Guardado en:
Detalles Bibliográficos
Autor principal: Kennet Athisayam Joseph, Benson Samuel (Autor)
Otros Autores: Úradníček, Juraj (Orientador)
Formato: Manuscrito Libro
Lenguaje:eslovaco
inglés
Publicado: 2018
Materias:
Acceso en línea:http://is.stuba.sk/zp/portal_zp.pl?podrobnosti=140636
Etiquetas: Agregar Etiqueta
Sin Etiquetas, Sea el primero en etiquetar este registro!

MARC

LEADER 00000ntm a22000003a 4500
001 stuzp70780
003 SK-STU
005 20180820162245.2
007 ta
008 150427s2015----xo-----f-mn---000-0-slo-d
040 |a STU  |b slo 
041 0 |a eng 
100 1 |a Kennet Athisayam Joseph, Benson Samuel  |u 020010  |4 aut  |U SjF Strojnícka fakulta  |T SjF Ústav aplikovanej mechaniky a mechatroniky  |X 89240  |U J0010  |Y 801  |7 89240 
242 0 1 |a Analýza a skúšanie nitovaných spojov pomocou novej nitácie technológie  |y slo 
245 1 0 |a Analysis and testing of riveted joints made by new riveting technology 
260 |c 2018 
650 4 |a spojka  |2 slo 
650 4 |a nit  |2 slo 
650 4 |a spojka  |2 slo 
650 4 |a Clutch  |2 eng 
650 4 |a Rivet  |2 eng 
650 4 |a Joint  |2 eng 
700 1 |a Úradníček, Juraj  |u 020070  |k Z1  |4 ths  |U SjF Strojnícka fakulta  |T SjF Ústav výrobných systémov, enviromentálnej techniky a manažment kvality  |X 10090  |U J0070  |Y 804  |7 A000010090 
856 4 |u http://is.stuba.sk/zp/portal_zp.pl?podrobnosti=140636